| 000 | 00410nam a22001217a 4500 | ||
|---|---|---|---|
| 082 | _a200 THE | ||
| 100 |
_aUMM-E-AIMEN _969735 |
||
| 245 | _aTH-SOF-1515-Fault Tolerant Tracking Control of an Unmanned Aerial Vehicle Subject to Actuator Faults | ||
| 260 |
_aIslamabad _bNUST College of EME _c2018 |
||
| 650 |
_a MS-ELECT-2014 MSTHESIS _969736 |
||
| 700 |
_aSupervisor DR. MUWAHIDA LIAQUAT _969737 |
||
| 942 | _cCF | ||
| 999 |
_c576882 _d576882 |
||